• 首页
  • 本馆介绍
  • 公告通知
  • 最新文献
  • 馆藏检索
  • 电子资源
  • 读者导购
  • 参考咨询
  • 我的图书馆
  • 登录
  • 详细信息显示
  • 放入我的书架
  • 预约/预借图书
  • 作者相关作品
  • 分类相关作品
  • 丛书相关作品
  • 出版社相关作品

书目信息

  • 表格格式
  • 工作单格式
  • 卡片格式
题名:
自由贸易试验区的浙江实践
    
 
作者: 易传剑 , 全永波 著
分册: 二  
出版信息: 北京   经济管理出版社  2019
页数: 222页
开本: 24cm
丛书名:
单 册:
中图分类: F752.855 , F752
科图分类:
主题词: 自由贸易区--经济建设--浙江省
电子资源:
ISBN: 978-7-5096-6790-3
000 01142nam0 2200253 450
001 2343479763
005 20231224103509.20
010    @a978-7-5096-6790-3@dCNY88.00
100    @a20191210d2019 em y0chiy50 ea
101 0  @achi
102    @aCN@b110000
105    @ak z 000yy
200 1  @a自由贸易试验区的浙江实践@Azi you mao yi shi yan qu de zhe jiang shi jian@h二@f易传剑, 全永波著
210    @a北京@c经济管理出版社@d2019
215    @a222页@d24cm
314    @a易传剑, 浙江海洋大学副教授, 法学博土。长期从事海商法、海洋法、海事服务等领城的科研和实践工作。全永波, 浙江海洋大学教授, 管理学博土, 硕士生导师, 校学术委员会委员、法学学科负责人、教学名师。
330    @a本书汇集了浙江海洋大学、浙江自贸区研究院的第二二批研究成果, 由研究篇、政策法规篇两部分组成。研究篇汇编了8篇不同视角的研究报告和论文;政策法规篇从总体政策、综合、投资贸易、通关监管、财政税收五大类选取了10余项浙江自贸试验区特有的政策。
606 0  @a自由贸易区@x经济建设@y浙江省
690    @aF752.855@v5
690    @aF752@v4
701  0 @a易传剑@Ayi zhuan jian@4著
701  0 @a全永波@Aquan yong bo@4著
801  0 @aCN@b湖北三新@c20191210
905    @aZUCC@dF752@e330:2
    
    自由贸易试验区的浙江实践.二/易传剑, 全永波著.-北京:经济管理出版社,2019
    222页;24cm
    
    
    ISBN 978-7-5096-6790-3:CNY88.00
    本书汇集了浙江海洋大学、浙江自贸区研究院的第二二批研究成果, 由研究篇、政策法规篇两部分组成。研究篇汇编了8篇不同视角的研究报告和论文;政策法规篇从总体政策、综合、投资贸易、通关监管、财政税收五大类选取了10余项浙江自贸试验区特有的政策。
●
相关链接 在五车中查询图书 在当当中查询图书 在豆瓣中查询图书


正题名:自由贸易试验区的浙江实践     索取号:F752/330:2         预约/预借

序号 登录号 条形码 馆藏地/架位号 状态 备注
1 2001355781   2001355781   617书库/ [索取号:F752/330:2] 在馆    
2 2001355782   2001355782   617书库/ [索取号:F752/330:2] 在馆    
3 2001355783   2001355783   617书库/ [索取号:F752/330:2] 在馆    
4 2001355784   2001355784   617书库/ [索取号:F752/330:2] 在馆    
5 2001355785   2001355785   617书库/ [索取号:F752/330:2] 在馆    
6 2001355786   2001355786   617书库/ [索取号:F752/330:2] 在馆    
7 2001355787   2001355787   617书库/ [索取号:F752/330:2] 在馆    
8 2001355788   2001355788   617书库/ [索取号:F752/330:2] 在馆    
9 2001355789   2001355789   617书库/ [索取号:F752/330:2] 在馆    
10 2001355790   2001355790   617书库/ [索取号:F752/330:2] 在馆    
11 2001355791   2001355791   617书库/ [索取号:F752/330:2] 在馆    
12 2001355792   2001355792   617书库/ [索取号:F752/330:2] 在馆    
13 2001355793   2001355793   617书库/ [索取号:F752/330:2] 在馆    
14 2001355794   2001355794   617书库/ [索取号:F752/330:2] 在馆    
15 2001355795   2001355795   617书库/ [索取号:F752/330:2] 在馆    
16 2001355796   2001355796   617书库/ [索取号:F752/330:2] 在馆    
17 2001355797   2001355797   617书库/ [索取号:F752/330:2] 在馆    
18 2001355798   2001355798   617书库/ [索取号:F752/330:2] 在馆    
19 2001355799   2001355799   617书库/ [索取号:F752/330:2] 在馆    
20 2001355800   2001355800   617书库/ [索取号:F752/330:2] 在馆    
21 2001355801   2001355801   617书库/ [索取号:F752/330:2] 在馆    
22 2001355802   2001355802   617书库/ [索取号:F752/330:2] 在馆    
23 2001355803   2001355803   617书库/ [索取号:F752/330:2] 在馆    
24 2001355804   2001355804   617书库/ [索取号:F752/330:2] 在馆    
25 2001355805   2001355805   617书库/ [索取号:F752/330:2] 在馆    
26 2001355806   2001355806   617书库/ [索取号:F752/330:2] 在馆    
27 2001355807   2001355807   617书库/ [索取号:F752/330:2] 在馆    
28 2001355808   2001355808   617书库/ [索取号:F752/330:2] 在馆    
29 2001355809   2001355809   617书库/ [索取号:F752/330:2] 在馆    
30 2001355810   2001355810   617书库/ [索取号:F752/330:2] 在馆    
山东省滨州职业学院图书馆 欢迎您!
大连网信软件有限公司© 版权所有